000 00455nam a22001697a 4500
020 _a978-1-265-07465-4
082 _a658.15
100 _aBlock, Stanley B.
245 _aFoundations of Financial Managemt
250 _a18th
260 _aNew York:
_bMcGraw Hill,
_c2023
300 _axvi, 684p.: ill.; 26cm
500 _aIncludes Bibliographical References and Index
700 _aHirt, Geoffrey A.
700 _aDanielsen, Bartley R.
942 _cBK
999 _c22146
_d22146